Speciální separační procesy
Saved in:
| Main Author: | |
|---|---|
| Format: | Book |
| Language: | Czech |
| Published: |
Praha
VŠCHT
1995
|
| Edition: | 1. vyd., dotisk 2001 |
| Subjects: | |
| Online Access: | View in OPAC |
| Tags: |
No Tags, Be the first to tag this record!
|
MARC
| LEADER | 00000nam a2200000 a 4500 | ||
|---|---|---|---|
| 005 | 20260127134054.0 | ||
| 008 | 060605 1995 xr 000 0 cze d | ||
| 020 | |a 8070802421 | ||
| 035 | |a vtls008769796 | ||
| 039 | 9 | |y 200606050941 |z mschk03 | |
| 040 | |a STUSCHK1 |b slo |c STUSCHK1 |e AACR2 | ||
| 080 | |a 66.21(075.8) | ||
| 100 | 1 | |a Hanika, Jiří, |d 1944- |9 743 | |
| 245 | 1 | |a Speciální separační procesy | |
| 250 | |a 1. vyd., dotisk 2001 | ||
| 260 | |a Praha |b VŠCHT |c 1995 | ||
| 300 | |a 77 s. | ||
| 650 | 0 | |a separačné procesy | |
| 910 | |a SCHK95 | ||
| 919 | |a 80-7080-242-1 | ||
| 999 | |c 3439 |d 3439 | ||